Günümüz Türkçesiyle Evliya Çelebi seyahatnamesi: Konya, Kayseri, Antakya, Şam, Urfa, Maraş, Sivas, Gazze, Sofya, Edirne 3.cilt/2. kitap/ (Record no. 33186)
| 000 -BAŞLIK | |
|---|---|
| Sabit Uzunluktaki Kontrol Alanı | 01390nam a22003497a 4500 |
| 001 - KONTROL NUMARASI | |
| Control Dosyası | 0033075 |
| 003 - KONTROL NUMARASI KİMLİĞİ | |
| Kontrol Alanı | KOHA_MİRAKIL |
| 005 - EN SON İŞLEM TARİHİ ve ZAMANI | |
| Kontrol Alanı | 20260207002845.0 |
| 007 - FİZİKSEL TANIM SABİT ALAN - GENEL BİLGİ | |
| Sabit uzunluklu kontrol alanı | ta |
| 008 - SABİT UZUNLUKTAKİ VERİ ÖGELERİ - GENEL BİLGİ | |
| Sabit Alan | 111013b2006 tu |||gr||||#||||0|tur | |
| 020 ## - ISBN - ULUSLARARASI STANDART KİTAP NUMARASI | |
| Isbn | 9789750811038 |
| Nitelik bilgileri | Tk. no 9789750811011 |
| -- | c.3/k.1 |
| -- | 978975081102X |
| -- | c.3/k.2 |
| -- | |
| Kullanılabilirlik koşulları | 0,01 |
| 040 ## - KATALOGLAMA KAYNAĞI | |
| Özgün Kataloglama Kurumu | TR-BiSEU |
| Kataloglama Dili | tur |
| Çeviri Kurumu | TR-BiSEU |
| Açıklama Kuralları | rda |
| 041 0# - DİL KODU | |
| Metin ya da ses kaydının dil kodu | tur |
| 044 ## - YAYINLAYAN/ÜRETEN KURULUŞUN ÜLKE KODU | |
| ISO country code | tu |
| 050 ## - SINIFLAMA ve YER NUMARASI | |
| Sınıflama Numarası | G460 |
| Yer Numarası | .E95 2006 |
| 100 0# - KİŞİ ADI | |
| Yazar Adı (Kişi adı) | Evliya Çelebi . |
| 245 1# - ESER ADI BİLDİRİMİ | |
| Başlık | Günümüz Türkçesiyle Evliya Çelebi seyahatnamesi: Konya, Kayseri, Antakya, Şam, Urfa, Maraş, Sivas, Gazze, Sofya, Edirne 3.cilt/2. kitap/ |
| Sorumluluk Bildirimi | Evliya Çelebi ; Evliya Çelebi ; Haz.Seyit Ali Kahraman, Yücel Dağlı . |
| 264 #1 - ÜRERİM, YAYIN, DAĞITIM ve TELİF BİLDİRİMİ | |
| Yayın yeri | İstanbul : |
| Yayınlayan | Yapı Kredi Yayınları |
| Yayın tarihi | 2006 |
| 300 ## - FİZİKSEL TANIMLAMA | |
| Sayfa, Cilt vb. | c. ; |
| Boyutları | 21 cm. |
| 336 ## - İÇERİK TÜRÜ | |
| Content type term | metin |
| Content type code | txt |
| Source | rdacontent |
| 337 ## - MEDYA TÜRÜ | |
| Media type term | aracısız |
| Media type code | n |
| Source | rdamedia |
| 338 ## - TAŞIYICI TÜRÜ | |
| Carrier type term | cilt |
| Carrier type code | nc |
| Source | rdacarrier |
| 490 1# - DİZİ BİLDİRİMİ | |
| Dizi Bildirimi | Yapı Kredi Yayınları ; |
| Cilt Numarası | 2353. |
| 490 1# - DİZİ BİLDİRİMİ | |
| Dizi Bildirimi | Edebiyat ; |
| Cilt Numarası | 717. |
| 650 #0 - KONU BAŞLIĞI EK GİRİŞ - KONU TERİMİ | |
| Konusal terim veya coğrafi ad | Evliya Çelebi, 1611?-1682?--Geziler--Türkiye. |
| 9 (RLIN) | 47666 |
| 650 #0 - KONU BAŞLIĞI EK GİRİŞ - KONU TERİMİ | |
| Konusal terim veya coğrafi ad | Evliya Çelebi, 1611?-1682?--Journeys--Turkey. |
| 9 (RLIN) | 26975 |
| 650 #0 - KONU BAŞLIĞI EK GİRİŞ - KONU TERİMİ | |
| Konusal terim veya coğrafi ad | Türkiye--Anlatım ve gezi--1800' e kadar ilk çalışmalar. |
| 9 (RLIN) | 47667 |
| 650 #0 - KONU BAŞLIĞI EK GİRİŞ - KONU TERİMİ | |
| Konusal terim veya coğrafi ad | Turkey--Description and travel--Early works to 1800. |
| 9 (RLIN) | 47668 |
| 830 1# - SERİ EK GİRİŞİ - TEKBİÇİM ESER ADI | |
| Tekbiçim Başlık | Yapı Kredi Yayınları ; |
| Volume number/sequential designation | 2353. |
| 9 (RLIN) | 7873 |
| 830 1# - SERİ EK GİRİŞİ - TEKBİÇİM ESER ADI | |
| Tekbiçim Başlık | Edebiyat ; |
| Volume number/sequential designation | 717. |
| 9 (RLIN) | 5879 |
| 942 ## - EK GİRİŞ ÖGELERİ (KOHA) | |
| Source of classification or shelving scheme | Library of Congress Classification |
| Koha item type | Book |
| Materyal Türü | Kalıcı Konum | Mevcut Konum | Raf Yeri | Sınıflandırma Kaynağı | Edinim Bilgisi | Ana Konular | Alt Konular | Yer Numarası | Cilt Bilgisi | Demirbaş Numarası | Fatura Tarihi | Geri Çekilme Durumu | Kayıp Durumu | Hasarlı Durumu | Kredi için değil | Kayıt Tarih | Toplam Ödünçverme | Son Görülme Tarihi | Son Kontrol Tarihi | Genel / Bağış Notu |
|---|---|---|---|---|---|---|---|---|---|---|---|---|---|---|---|---|---|---|---|---|
| Book | Prof. Dr. Azmi Özcan Kütüphanesi | Prof. Dr. Azmi Özcan Kütüphanesi | Uluğbey Salonu | Library of Congress Classification | Bağış | COĞRAFYA, ANTROPOLOJİ, REKREASYON | Coğrafya (Genel), Atlaslar, Haritalar | G460 .E95 2006 | c.3/k.2 | 0033075 | 02/02/2026 | 13/10/2011 | 3 | 05/12/2024 | 05/12/2024 | Genel Bağış |
